000
00349nam a2200157Ia 4500
003
OSt
008
191201s2004 xx 000 0 und d
082
_a
658
_b
ARE
100
_a
ARORA, D D
245
0
_a
Emerging Issues in Modern Marketing
250
_a
1st
260
_a
N.Delhi
_b
UDH
_c
2004
300
_a
164
650
_a
Applied
942
_2
ddc
_c
BK
999
_c
1895
_d
1895